000
00309nam a2200133Ia 4500
005
20251222141848.0
008
251222s9999||||xx |||||||||||||| ||spa||
082
_a
261/B45
100
_a
Bergoglio, Jorge Mario
245
0
_a
Carta EncĂclica, Laudato Si:
250
_a
1ra.ed.
264
_b
UCSS
942
_c
LIB
999
_c
7624
_d
7624